| 000 | 00825cab a22002175a 4500 | ||
|---|---|---|---|
| 001 | L157924 | ||
| 008 | 130722e20130629xxk 000 0 eng d | ||
| 035 | _a(Sirsi) u157924 | ||
| 041 | 0 | _aeng | |
| 100 | 1 | _aPilkington, Lisa | |
| 245 | 0 | 0 |
_aFocus _bBirmingham |
| 260 | _c2013 | ||
| 490 |
_aEstates Gazette _v(1326) 27 June 2013, 71-95(19) |
||
| 520 | _aIncludes information about the £70m runway extension for Birmingham Airport, the automotive sector which is thriving on the back of strong export-led demand and a profile of Birmingham property company Calthorpe Estates. Also with a market health check which includes office take-up and improvement in rents. | ||
| 590 | _aKA | ||
| 651 | 4 | _aBirmingham | |
| 690 |
_aCommercial property _96227 |
||
| 700 | 1 | _aThame, David | |
| 700 | 1 | _aFaithfull, Mark | |
| 942 | _n0 | ||
| 999 |
_c84486 _d84486 |
||